[Event "6th Vergani Cup January 2022"]
[Site "Cattolica"]
[Date "2022.01.05"]
[Round "4.5"]
[White "Dvirnyy, Danyyil"]
[Black "Thybo, Jesper Sondergaard"]
[Result "1/2-1/2"]
[WhiteElo "2492"]
[BlackElo "2590"]
[Annotator "TA"]
[PlyCount "48"]
[EventDate "2022.01.02"]
[EventType "swiss"]
[EventCountry "ITA"]
[SourceTitle "playchess.com"]
[Source "ChessBase"]
[SourceQuality "1"]

{[%evp 24,48,0,6,0,-12,-6,-26,-21,-24,-24,-21,-21,-23,-24,-24,-18,-20,-20,-37,0,0,0,0,0,0,0]} 1. d4 Nf6 2. c4 g6 3. Nc3 d5 4. cxd5 Nxd5 5. e4 Nxc3 6. bxc3 Bg7 7. Bc4 c5 8. Ne2 Nc6 9. Be3 cxd4 10. cxd4 Qa5+ 11. Qd2 O-O 12. Rb1 Qxd2+ 13. Kxd2 Rd8 {[%cal Rc6d4,Bf8d8,Bd8d4,Bd4d6][%mdl 32] D85: Exchange Grünfeld: Unusual White 7th moves and lines with 7 Nf3.} 14. Rhc1 Nxd4 15. Nxd4 Bxd4 {Black has an edge.} 16. Bxd4 Rxd4+ 17. Ke3 Rd6 18. Bd5 Rd7 {[#] Inhibits Rc7.} 19. a4 $146 ({Predecessor:} 19. Rb4 e6 20. Bb3 b6 21. Rd4 Kf8 22. Rxc8+ Rxc8 23. Rxd7 Ra8 24. e5 a6 25. Rb7 {1-0 (52) Trommsdorf,F (2120)-Van Dongen,P (2250) Paris 1991}) 19... e6 20. Bc4 Rc7 21. Bb3 Rxc1 22. Rxc1 {The position is equal.} Bd7 23. Rc7 {[%csl LRb7,LRd7]} Bc6 24. a5 {[%cal Oa5a6]} a6 {An interesting draw.  Weighted Error Value: White=0.04 (flawless) /Black=0.05 (flawless)} 1/2-1/2

[Event "6th Vergani Cup January 2022"]
[Site "Cattolica"]
[Date "2022.01.05"]
[Round "4.6"]
[White "Arjun Kalyan"]
[Black "Prraneeth Vuppala"]
[Result "1/2-1/2"]
[WhiteElo "2537"]
[BlackElo "2377"]
[Annotator "TA"]
[PlyCount "144"]
[EventDate "2022.01.02"]
[EventType "swiss"]
[EventCountry "ITA"]
[SourceTitle "playchess.com"]
[Source "ChessBase"]
[SourceQuality "1"]

{[%evp 17,143,39,50,8,16,24,12,6,5,0,0,0,0,5,9,14,17,17,17,17,17,17,23,5,12,0,13,0,0,0,0,0,0,0,0,0,0,0,0,0,0,0,0,0,0,0,0,0,0,0,0,0,0,0,2,0,0,0,0,0,0,0,0,0,0,0,0,0,0,0,0,0,0,0,0,0,0,0,0,0,12,12,12,12,37,0,0,0,0,0,0,0,0,-28000,-28000,-28000,-28000,-28000,-28000,-28000,-28000,-28000,-28000,-28000,-28000,-28000,-28000,-28000,-28000,-28000,-28000,-28000,-28000,-28000,-28000,-28000,-28000,-28000,-28000,-28000,-28000,-28000,-28000,-28000,-28000,-28000,-28000,-28000]} 1. e4 e5 2. Nf3 Nc6 3. Bb5 a6 4. Ba4 Nf6 5. O-O b5 6. Bb3 Bc5 7. a4 Rb8 8. c3 d6 9. d4 Bb6 10. a5 {C78: Ruy Lopez: Archangelsk and Möller Defences.} (10. axb5 $14 {deserves consideration.} axb5 11. Be3) 10... Ba7 $1 $11 (10... Nxa5 11. Rxa5 Bxa5 12. dxe5 $14) (10... Bxa5 $2 11. dxe5 (11. d5 Ne7 $18) 11... dxe5 12. Qxd8+ Kxd8 13. Bd5 (13. Bxf7 Bb6 $16) 13... Nxd5 14. exd5 $18) 11. h3 Bb7 12. Be3 {White wants to play d5. The position is equal.} Nxe4 13. Re1 exd4 14. cxd4 Ne7 15. Nbd2 {Ng5 is the strong threat.} d5 {[#]} 16. Ne5 $146 ({Predecessor:} 16. Nxe4 dxe4 17. Ne5 O-O 18. Qg4 Bd5 19. Bxd5 Qxd5 20. Rac1 c5 21. dxc5 Qxe5 22. Bf4 Qxb2 {0-1 (30) Saric,I (2644)-Shirov,A (2659) Riga 2021}) 16... O-O 17. Rc1 Qd6 18. Nxe4 dxe4 19. Qg4 {Threatens to win with Nxf7.} Nd5 20. Qxe4 (20. Bxd5 $5 Bxd5 21. Bf4 $11) 20... Rbe8 {[%cal Oc7c5]} (20... Nxe3 21. Qxe3 Bxd4 22. Nxf7 Rxf7 {[#]} 23. Qe8+ $1 Rxe8 24. Rxe8+ Qf8 25. Rxf8+ Kxf8 26. Bxf7 $16) 21. Bd2 {[%cal Oe5f7]} ({Reject} 21. Bc2 f5 22. Qh4 c5 $17) 21... Re7 22. Rcd1 Rfe8 23. Qf3 {[%cal Oe5f7] Black must now prevent Nxf7!} Bxd4 24. Nxf7 Rxe1+ $1 25. Bxe1 {Really sharp!} Qf6 26. Bxd5 Qxf3 $1 27. Nh6+ $1 {[%mdl 64] [#] Discovered Attack (Double check)} Kh8 28. Bxf3 Bxf3 29. gxf3 {[%cal Oe1b4] And now Bb4! would win.} gxh6 30. Rxd4 Rxe1+ {[%mdl 4096] Endgame KR-KR} 31. Kg2 c5 32. Rd6 {[%csl LRa6,LRh6]} Rb1 33. Rxa6 Rxb2 34. Rb6 c4 35. a6 (35. Rxh6 $2 c3 36. Rc6 b4 37. Rc8+ Kg7 38. Rc7+ Kg6 $19) 35... Ra2 36. f4 ({Don't go for} 36. Rxh6 $2 c3 37. Rc6 b4 38. Rc8+ Kg7 39. Rc7+ Kf6 $19) 36... Ra5 37. Rb8+ Kg7 38. Rb7+ Kg6 39. a7 c3 40. Rb6+ Kg7 41. Rxb5 Rxa7 42. Rc5 Ra3 43. Rc6 h5 44. Kg3 c2+ 45. Kh4 Ra4 46. Kxh5 ({Don't do} 46. Rxc2 Rxf4+ 47. Kg5 Rf3 $14) 46... Rxf4 47. Rc7+ Rf7 48. Rxc2 Rf5+ 49. Kg4 Rf6 50. Rc7+ Kg6 51. f4 h5+ 52. Kg3 Ra6 53. Kh4 Ra4 54. Rc6+ Kf5 55. Kxh5 {Black converts the advantage convincingly.} Rxf4 {Mate.} 56. Rc8 Ra4 57. Rf8+ Ke6 58. h4 Ke7 59. Rf1 Ra8 60. Kg6 Rg8+ 61. Kh7 Rg4 62. h5 Rg5 63. h6 Rg2 64. Kh8 Rg6 65. h7 Rg2 66. Ra1 Kf7 67. Ra7+ Kf8 68. Ra8+ Kf7 69. Rg8 Rf2 70. Rg4 Rf1 71. Rg7+ Kf8 72. Rf7+ Kxf7 {Weighted Error Value: White=0.17 (very precise) /Black=0.01 (flawless)} 1/2-1/2

[Event "6th Vergani Cup January 2022"]
[Site "Cattolica"]
[Date "2022.01.05"]
[Round "4.7"]
[White "Ojas Kulkarni"]
[Black "Sorensen, Hampus"]
[Result "1/2-1/2"]
[WhiteElo "2206"]
[BlackElo "2379"]
[Annotator "TA"]
[PlyCount "42"]
[EventDate "2022.01.02"]
[EventType "swiss"]
[EventCountry "ITA"]
[SourceTitle "playchess.com"]
[Source "ChessBase"]
[SourceQuality "1"]

{[%evp 16,27,30,17,13,13,6,5,31,21,14,30,23,26]} 1. e4 c5 2. c3 Nf6 3. e5 Nd5 4. Nf3 Nc6 5. Bc4 {[%cal Bf1c4,Bc4b3,Bb3c2][%mdl 32]} Nb6 6. Bb3 c4 7. Bc2 d5 8. exd6 Qxd6 9. O-O Bg4 {B22: Sicilian: 2 c3.} 10. h3 Bh5 11. Re1 {Inhibits Ne5.} e6 {[%cal Oc6e5]} 12. b3 Be7 13. Na3 cxb3 14. axb3 {[#] An interesting draw.  Weighted Error Value: White=0.04 (flawless) /Black=0.04 (flawless)} {Predecessor:} O-O $146 15. d4 Rfd8 16. Nc4 Nxc4 17. bxc4 Bf6 18. Be3 b6 19. Be4 Bg6 20. Nd2 Rac8 21. Bxg6 hxg6 {1-0 (72) Quesada Perez,Y (2565)-Mendonca,L (2452) Chess.com INT 2020} 1/2-1/2

[Event "6th Vergani Cup January 2022"]
[Site "Cattolica"]
[Date "2022.01.05"]
[Round "4.8"]
[White "Niemann, Hans Moke"]
[Black "Salimova, Nurgyul"]
[Result "1-0"]
[WhiteElo "2645"]
[BlackElo "2353"]
[Annotator "TA"]
[PlyCount "97"]
[EventDate "2022.01.02"]
[EventType "swiss"]
[EventCountry "ITA"]
[SourceTitle "playchess.com"]
[Source "ChessBase"]
[SourceQuality "1"]

{[%evp 11,97,8,18,18,20,17,29,12,18,23,23,-22,-9,-25,0,-16,0,-20,-20,-19,-12,-12,0,0,0,5,0,8,6,5,14,9,16,4,14,10,52,48,54,16,16,16,65,53,57,53,76,37,45,44,129,120,210,194,211,200,201,111,104,103,104,104,185,188,308,298,458,460,417,377,633,580,767,714,4622,920,4627,2706,6697,6195,4718,5306,29990,29991,29991,29992,29992,29990]} 1. c4 c6 2. d4 d5 3. Nf3 Nf6 4. e3 e6 5. Nbd2 c5 6. dxc5 Bxc5 7. a3 {D30: Queen's Gambit Declined: Systems without Nc3.} Be7 {[#]} 8. cxd5 $146 ({Predecessor:} 8. b4 O-O 9. Bb2 b6 10. Be2 Bb7 11. O-O Nbd7 12. Rc1 a5 13. b5 Nc5 14. Ne5 Rc8 {0-1 (46) Popov,R (2376)-Nagimov,A (2322) Nabereznye Chelny 2010}) 8... exd5 9. Be2 {White has an edge.} O-O 10. O-O Nc6 11. Nb3 (11. b4 {should be considered.}) 11... Ne4 $11 12. Nfd2 Ng5 13. Nb1 Ne4 14. Nc3 Nxc3 15. bxc3 Bf5 16. Ra2 Be4 17. f3 Bf5 18. Rd2 Qc7 ({But not} 18... Be6 19. c4 d4 20. exd4 $16 (20. Nxd4 Nxd4 21. exd4 Rc8 $14)) 19. Rxd5 Rad8 20. Rxd8 Rxd8 21. Nd4 Bd6 22. f4 Nxd4 23. cxd4 Be4 (23... Rc8 $11) 24. Bd3 $14 Qc6 25. Bxe4 Qxe4 26. Qf3 f5 (26... Qd3 $1 $11 {deserves consideration.}) 27. Qxe4 fxe4 {[%mdl 4096] Endgame KRB-KRB} 28. Bd2 $1 Rc8 29. Rb1 Rc2 30. Bb4 Bxb4 (30... Bc7 $14) 31. Rxb4 {KR-KR} ({Don't play} 31. axb4 a6 $14) 31... Rc3 (31... Rc1+ $16 {is a better defense.} 32. Kf2 Rc2+ 33. Ke1 Rxg2) 32. Rxb7 $18 Rxa3 33. Kf2 Ra2+ 34. Kf1 (34. Kg3 $18) 34... Ra1+ $16 35. Ke2 $1 Ra2+ 36. Ke1 Ra1+ (36... a5 $16) 37. Kd2 $1 $18 Ra2+ (37... Ra3 {might work better.} 38. g4 a5) 38. Kc3 Re2 (38... Ra3+ $142 39. Rb3 Ra5) 39. d5 {And now Kd4 would win.} Rxe3+ 40. Kd4 Re2 {[#]} (40... Re1 41. Rxa7 e3) 41. Ke5 $1 {aiming for d6.} e3 {[#]} 42. Ke6 $1 {[%cal Rb7b8]} h6 43. Rb8+ Kh7 44. Rb3 {Black must now prevent d6.} a5 45. d6 a4 46. Rd3 {Intending d7 and mate.} Re1 47. d7 {White mates.} e2 48. d8=Q Rf1 49. Re3 {Weighted Error Value: White=0.07 (flawless) /Black=0.46} 1-0

[Event "6th Vergani Cup January 2022"]
[Site "Cattolica"]
[Date "2022.01.05"]
[Round "4.9"]
[White "Kozul, Zdenko"]
[Black "Moksh Amit Doshi"]
[Result "1/2-1/2"]
[WhiteElo "2625"]
[BlackElo "2368"]
[Annotator "TA"]
[PlyCount "139"]
[EventDate "2022.01.02"]
[EventType "swiss"]
[EventCountry "ITA"]
[SourceTitle "playchess.com"]
[Source "ChessBase"]
[SourceQuality "1"]

{[%evp 16,139,21,7,10,12,20,0,0,0,12,0,1,6,7,0,0,0,0,0,0,-4,-4,-5,0,-2,-1,-23,-10,-11,0,0,0,-25,-8,-21,0,-20,-23,-102,0,0,0,-68,-68,-68,-72,-67,-52,-103,-89,-94,-125,-77,-96,-101,0,-104,-117,-118,-124,-117,-95,-103,-81,-137,-125,-175,-168,-200,-112,-185,-175,-174,-172,-204,-204,-212,-181,-169,-167,-366,-366,-6295,-373,-5924,-2646,-12840,-191,-197,-197,-199,-191,-191,-185,-184,-122,-264,-225,-224,0,-264,-264,-264,-256,-222,-95,-97,-83,-83,0,0,0,0,0,0,0,0,0,0,0,0,0,0,0,0]} 1. d4 Nf6 2. Nf3 e6 3. c4 d5 4. Nc3 Bb4 5. Bg5 h6 6. Bxf6 Qxf6 7. e3 O-O 8. Rc1 dxc4 9. Bxc4 c5 {D38: Queen's Gambit Declined: Ragozin Defence (4 Nf3 Bb4).} 10. dxc5 Nd7 11. O-O Nxc5 12. Nb5 {a3 is the strong threat.} a6 (12... Qxb2 $2 13. Rb1 Qf6 14. Rxb4 $18) 13. Nbd4 Nd7 14. a3 Bc5 {[#]} 15. Ba2 $146 ({Predecessor:} 15. Qc2 b5 16. Bd3 Bb7 17. Bh7+ Kh8 18. Be4 Bxd4 19. exd4 Rfc8 20. Qd3 Bxe4 21. Qxe4 Qd8 22. Qb7 Rcb8 {½-½ (22) Mary,P (2457)-Anderson,B (2464) ICCF email 2013}) 15... Qe7 16. Qc2 Bd6 17. Nd2 Nf6 (17... Qh4 18. N4f3 Qe7 19. Rfd1 $14 (19. Bb1 Nf6 $14)) 18. Ne4 Nxe4 19. Qxe4 Rb8 20. Rfd1 Rd8 21. h4 Bd7 22. h5 Be8 23. Bb1 {Intending Qh7+ and mate.} Kf8 24. Rd2 Rbc8 25. Rcd1 Bc7 26. g3 Bb6 27. Qh7 (27. Qg4 $11) 27... Qf6 (27... Qg5 $1 $17 28. Bc2 Bxd4 29. exd4 Ke7) 28. Be4 $11 Bxd4 29. exd4 ({White should play} 29. Rxd4 $11 Rxd4 30. Rxd4) 29... Ba4 $1 $15 30. Re1 Qg5 {Inhibits d5.} 31. Rde2 {[%cal Od4d5]} Rc1 $1 32. d5 (32. Rxc1 $15 Qxc1+ 33. Kg2 (33. Kh2 $2 Qf1 $19)) 32... Bb5 $17 (32... Qxh5 $6 33. Rxc1 Qxe2 34. b3 $11) 33. Re3 {[#]} Qxe3 34. fxe3 Rxe1+ 35. Kf2 Rf1+ {[%cal Be1f1,Bf1f6,Bf6c6][%mdl 32]} 36. Kg2 {[%cal Oa3a4]} Rf6 $1 ({Much worse is} 36... exd5 $6 37. Bf3 $11) 37. Bd3 Bxd3 ({Much weaker is} 37... exd5 $6 38. Bxb5 axb5 39. Qh8+ Ke7 40. Qxg7 $15) 38. Qxd3 {[%mdl 4096] Endgame KQ-KRR} Kg8 39. d6 e5 40. d7 ({White should try} 40. Qd5) 40... Rc6 $1 41. Qd5 (41. b4 $17 {is a better defense.}) 41... Rc7 $19 42. Qxe5 Rcxd7 (42... Rdxd7 $19 43. Qe8+ Kh7) 43. g4 (43. a4 $17) 43... Rc8 44. a4 Rdd8 45. Kf3 Re8 46. Qd5 Rc7 47. b4 Rce7 $1 {[%cal Ob7b5] And now ...b5! would win.} 48. Kf4 $2 (48. e4) 48... b6 ({Not} 48... Rxe3 49. Qxb7 R3e7 50. Qb6 $15) 49. Qd4 (49. Kf3 Rxe3+ 50. Kg2) 49... Re6 $2 (49... Rxe3 50. Qxe3 Rxe3 51. Kxe3 g6) 50. b5 $2 (50. Kg3 Rxe3+ 51. Kf4) 50... axb5 51. axb5 Ra8 $2 (51... Rxe3 52. Qxe3 Rxe3 53. Kxe3 g6) 52. e4 Ra3 53. e5 Ra8 54. Qc4 Rd8 55. Qc7 Rde8 (55... Rf8 $1 $19 56. Ke3 g5 57. hxg6 Rxg6) 56. Kg3 (56. Ke4 $17) 56... R8e7 57. Qd8+ Re8 58. Qc7 Rxe5 59. Qxb6 Re3+ 60. Kf2 Rb3 (60... R3e7 $19 {aiming for ...Ra8.} 61. Kf3 Kh7) 61. Qb7 $17 {[#]} Rb2+ $1 62. Kf3 {[#]} Rb3+ (62... Rbe2 $1 $17 {Hoping for ...R2e7.} 63. Kg3 R2e7) 63. Kf2 $1 $11 {The position is equal.} Rb4 64. Kf3 $1 Rb2 65. b6 Re6 66. Qc8+ Kh7 67. b7 {The board is on fire.} Reb6 68. Qf5+ Kg8 {Threatens to win with ...Rf6.} 69. Qc8+ Kh7 {Strongly threatening ...R6b3+.} 70. Qf5+ {Whites escaped into a draw.  Weighted Error Value: White=0.56/Black=0.33} 1/2-1/2

[Event "6th Vergani Cup January 2022"]
[Site "Cattolica"]
[Date "2022.01.05"]
[Round "4.10"]
[White "Lagarde, Maxime"]
[Black "Gomes, Mary Ann"]
[Result "1-0"]
[WhiteElo "2638"]
[BlackElo "2354"]
[Annotator "TA"]
[PlyCount "113"]
[EventDate "2022.01.02"]
[EventType "swiss"]
[EventCountry "ITA"]
[SourceTitle "playchess.com"]
[Source "ChessBase"]
[SourceQuality "1"]

{[%evp 9,113,-2,0,3,49,52,41,45,34,37,32,22,89,70,64,52,83,81,84,88,222,229,232,232,232,227,242,178,187,185,181,135,156,168,155,158,150,158,143,160,273,285,276,284,277,267,302,302,300,301,297,300,300,303,331,298,434,425,595,572,597,557,502,485,708,692,1216,1142,1100,1100,1014,1002,1003,991,952,1668,1608,1591,1698,1612,1545,865,1306,1371,1370,1163,1695,847,788,1710,1710,833,29975,29976,29978,29974,29975,29976,29976,29977,29979,29980,29979,29980,29978,29979]} 1. e4 c5 2. Nf3 e6 3. c3 d5 4. e5 d4 5. g3 Nc6 6. Bg2 {B40: Sicilian: 2...e6, Unusual lines.} g6 (6... d3 $11) 7. O-O $14 Bg7 8. Re1 {White is slightly better.} Nge7 9. d3 O-O 10. c4 {[#]} a6 $146 (10... Rb8 $11) ({Predecessor:} 10... b6 11. Bf4 h6 12. h4 Bb7 13. Nbd2 Nf5 14. Ne4 Nb8 15. g4 Bxe4 16. Rxe4 Ne7 {0-1 (51) Carlsen,M (2855)-Artemiev,V (2699) chess24.com INT 2021}) 11. Bf4 $16 h6 12. h4 {Prevents g5.} f5 13. exf6 $1 Rxf6 14. Nbd2 {White is more active.} Qf8 {Black cannot hold the game after this.} (14... Rf8 $16) 15. Bd6 $18 e5 16. Ne4 (16. Bxc5 $6 Bg4 17. b4 b6) 16... Bg4 {[%cal Rf6f3]} 17. Nxf6+ Qxf6 18. Bxe7 ({Less strong is} 18. Bxc5 Rf8 $14) 18... Nxe7 19. Re4 Qf5 {[#]} 20. Qe2 (20. Rxg4 $1 $18 {[%mdl 512]} Qxg4 21. Qb3) 20... Nc6 {[#]} 21. Nxd4 $1 {[%cal Bf3d4,Bd4f5,Bf5d6,Bd6b7][%mdl 544]} Bxe2 22. Nxf5 Bxd3 23. Nd6 Bxe4 24. Bxe4 Bf8 (24... Na5 $16 {was worth a try.} 25. Nxb7 (25. Bxg6 Bf8 $16) 25... Nxb7) 25. Nxb7 Rc8 26. Rd1 ({Don't take} 26. Bxg6 Rb8 $16) 26... Rc7 27. Bd5+ Kg7 28. Bxc6 Rxc6 {[%mdl 4096] Endgame KRB-KRN} 29. Rd7+ Kg8 30. b3 e4 31. Kf1 e3 32. fxe3 Rf6+ (32... g5 $142 33. hxg5 hxg5) 33. Ke2 Rf7 34. Rxf7 Kxf7 {KB-KN} 35. Kf3 Ke6 36. Ke4 Be7 (36... h5 $142 37. Nd8+ Kd7) 37. g4 Bf8 38. Nd8+ Kd7 39. Nf7 Ke6 40. Ne5 g5 41. h5 Bg7 42. Nd3 (42. Nf3 $142 Bf6 43. Nd2) 42... Bf8 43. Nb2 Bg7 44. Na4 Bf8 45. Kd3 {Nc3 is the strong threat.} Ke5 46. Nc3 Be7 47. Ne4 Ke6 48. Ng3 {White threatens Nf5 and mate.} Ke5 49. Nf5 (49. Kd2 $142 Kf6 50. Kc3) 49... Bf8 50. Kd2 (50. a3 $142 a5 51. Ke2) 50... Ke4 51. Ke2 {White mates.} a5 52. Ng3+ Ke5 53. Kd3 Bd6 54. Nf5 Bf8 55. a3 {[%cal Ba2a3,Ba3a4][%mdl 32]} Kf6 56. Ke4 Ke6 57. a4 {Weighted Error Value: White=0.05 (flawless) /Black=0.33} 1-0

[Event "6th Vergani Cup January 2022"]
[Site "Cattolica"]
[Date "2022.01.05"]
[Round "5.2"]
[White "Tabatabaei, M. Amin"]
[Black "Lodici, Lorenzo"]
[Result "1/2-1/2"]
[WhiteElo "2643"]
[BlackElo "2524"]
[Annotator "TA"]
[PlyCount "118"]
[EventDate "2022.01.02"]
[EventType "swiss"]
[EventCountry "ITA"]
[SourceTitle "playchess.com"]
[Source "ChessBase"]
[SourceQuality "1"]

{[%evp 12,118,20,26,29,12,29,24,19,16,47,33,37,20,84,76,83,81,80,70,111,102,97,97,87,86,91,41,43,47,65,64,70,72,72,72,72,76,61,25,25,26,25,8,12,0,8,0,7,0,0,2,0,7,7,7,7,0,0,0,9,7,7,7,8,9,23,0,0,0,0,0,0,0,0,0,0,0,0,0,0,0,0,0,0,0,0,0,0,0,0,0,0,0,0,0,0,0,0,0,0,0,0,0,0,0,63,0,0]} 1. d4 Nf6 2. c4 e6 3. Nc3 Bb4 4. Qc2 d5 5. a3 Bxc3+ 6. Qxc3 dxc4 7. Qxc4 b6 {E36: Nimzo-Indian: Classical: 4...d5 5 a3.} 8. Bf4 Ba6 (8... O-O {is more complex.} 9. Bxc7 Qd7 10. Be5 Ba6 11. Qb3 Nc6) 9. Qxc7 Qxc7 {White has an edge.} 10. Bxc7 Nc6 11. Nf3 Rc8 12. Bf4 Ke7 {[#]} (12... O-O $11 {remains equal.}) 13. Bd2 $146 ({Predecessor:} 13. Rb1 Rhd8 14. e3 Bxf1 15. Rxf1 Na5 16. Nd2 Rc2 17. Kd1 Rdc8 18. e4 Nd7 19. Re1 {½-½ (52) Maiorov,N (2558)-Helbig,M (2333) Travemuende 2011}) 13... Ne4 14. e3 Bxf1 15. Rxf1 Na5 ({Black should try} 15... g5 $14) 16. Bxa5 bxa5 17. Ke2 Rb8 {[#]} 18. b4 {aiming for Ne5.} Rhc8 {[#]} 19. Nd2 ({Not} 19. bxa5 $2 Rb2+ 20. Kd3 Nxf2+ 21. Rxf2 Rxf2 $19) (19. Rfc1 $1 $16) 19... Rc2 $14 {[#]} 20. Kd3 Rxd2+ (20... Nxd2 21. Rfd1) 21. Kxe4 {[%mdl 4096] Endgame KRR-KRR} f5+ 22. Kf3 axb4 23. axb4 Rxb4 24. Rxa7+ Kf6 25. g4 fxg4+ 26. Kxg4 e5 $1 27. Ra6+ Ke7 28. Rc1 {Threatens to win with Rc7+.} Rb7 {To avoid Rc7+} 29. dxe5 {Kg3 is the strong threat.} Rxf2 30. h4 Rg2+ 31. Kf3 Rh2 32. Kg3 Re2 33. Rc3 Re1 34. Kf2 Rh1 35. Rc4 Rd1 36. Kf3 Rf1+ 37. Ke4 Rh1 38. Kf5 Rh3 39. Rg4 g6+ 40. Kg5 {And now Re4 would win.} Rxe3 41. Kh6 Rxe5 42. Kxh7 Re6 43. Rxe6+ (43. Rxg6 Kf8+ 44. Kh6 Rxa6 45. Rxa6 Kg8) 43... Kxe6+ 44. Kxg6 $11 {Hoping for h5. KR-KR} Ke7 45. Ra4 Rb1 46. Rf4 Rg1+ 47. Kh7 Rg2 48. h5 Rg1 49. h6 Rg2 50. Ra4 Kf7 51. Ra7+ Kf8 52. Rg7 Rh2 53. Rg1 Kf7 54. Rf1+ Ke7 55. Rf5 Ke6 56. Rf3 Ke7 57. Kg7 {Rf6 would kill now.} Rg2+ 58. Kh8 (58. Kh7 $11) 58... Rh2 $14 59. h7 (59. Kh7 $1 $14) 59... Rg2 $1 {Weighted Error Value: White=0.06 (flawless) /Black=0.06 (flawless)} 1/2-1/2

[Event "6th Vergani Cup January 2022"]
[Site "Cattolica"]
[Date "2022.01.05"]
[Round "5.3"]
[White "Lalith Babu M R"]
[Black "Kotronias, Vasilios"]
[Result "1/2-1/2"]
[WhiteElo "2553"]
[BlackElo "2492"]
[Annotator "TA"]
[PlyCount "48"]
[EventDate "2022.01.02"]
[EventType "swiss"]
[EventCountry "ITA"]
[SourceTitle "playchess.com"]
[Source "ChessBase"]
[SourceQuality "1"]

{[%evp 16,48,20,26,17,25,37,38,70,46,46,26,100,93,95,111,127,53,113,67,66,70,60,60,51,56,78,87,126,122,125,132,136,140,180]} 1. d4 Nf6 2. c4 g6 3. Nc3 Bg7 4. e4 d6 5. Nf3 O-O 6. h3 e5 7. d5 a5 8. g4 Na6 9. Be3 Nd7 {E90: King's Indian: Classical: Early deviations and 6 h3.} 10. a3 Nb6 11. Rg1 Kh8 {White is slightly better.} 12. Nd2 {White is more active.} Bd7 {[#]} 13. Be2 $5 $146 {[%mdl 8] New and interesting.} ({Predecessor:} 13. g5 Nc5 14. b3 f5 15. h4 Nxe4 16. Ndxe4 fxe4 17. h5 gxh5 18. Qxh5 Kg8 19. Nxe4 {1-0 (81) Lysyj,I (2627)-Vovk,Y (2539) Warsaw 2010}) 13... a4 {[#]} (13... Nc5 $11 {keeps the balance.}) 14. Qc2 $1 $16 Nc5 15. h4 c6 ({Much worse is} 15... Qxh4 $6 16. g5 f6 17. O-O-O fxg5 18. Rh1 $14) 16. g5 (16. O-O-O $16) 16... f6 {[#]} (16... cxd5 $14 17. Bxc5 (17. cxd5 Rc8 $11) 17... dxc5) 17. h5 (17. O-O-O $1 $16) 17... fxg5 $14 18. Bxg5 Bf6 19. Be3 gxh5 20. Bxh5 Qe7 21. O-O-O Rg8 22. Kb1 Bg5 23. Bxc5 dxc5 24. Be2 Bh4 {Weighted Error Value: White=0.10 (very precise) /Black=0.23 (precise)} 1/2-1/2

[Event "6th Vergani Cup January 2022"]
[Site "Cattolica"]
[Date "2022.01.05"]
[Round "5.4"]
[White "Thybo, Jesper Sondergaard"]
[Black "Pantzar, Milton"]
[Result "1-0"]
[WhiteElo "2590"]
[BlackElo "2420"]
[Annotator "TA"]
[PlyCount "59"]
[EventDate "2022.01.02"]
[EventType "swiss"]
[EventCountry "ITA"]
[SourceTitle "playchess.com"]
[Source "ChessBase"]
[SourceQuality "1"]

{[%evp 9,59,20,28,8,13,17,19,20,22,14,22,0,13,0,0,0,29,-22,15,0,0,0,-2,-25,8,10,17,18,16,20,16,16,16,17,12,5,5,-11,-8,-10,12,10,13,4,10,0,129,132,200,195,433,436]} 1. Nf3 d5 2. g3 Nf6 3. Bg2 e6 4. d4 b6 5. c4 Bb7 6. Qa4+ {E16: Queen's Indian: 4 g3 Bb7 5 Bg2 Bb4+.} Nbd7 7. cxd5 exd5 8. Nc3 {The position is equal.} c6 9. Bf4 Be7 10. Ne5 Nxe5 {[#]} 11. Bxe5 $146 ({Predecessor:} 11. dxe5 Nd7 12. e4 Nc5 13. Qc2 dxe4 14. O-O O-O 15. Nxe4 Ne6 16. Be3 Rc8 17. Rad1 {1-0 (36) Liu,P-Chen,Y (1463) Changsha 2019}) 11... O-O 12. O-O Re8 13. b4 ({White should play} 13. e4) 13... Nd7 (13... b5 $5 {[%cal Rb5a4]} 14. Qb3 a5 $15) 14. Bf4 b5 15. Qb3 a5 16. a3 Qb6 (16... g5 {with more complications.} 17. Bd2 Nb6 18. bxa5 Nc4 19. Be1 Nxa5 20. Qb1 Bf6) 17. e4 {[%cal Re4d5]} axb4 ({Less strong is} 17... Qxd4 18. exd5 a4 19. Qa2 $18) 18. axb4 {[%cal Re4d5]} Rxa1 ({Don't play} 18... Qxd4 19. Rab1 $16) 19. Rxa1 {[%cal Re4d5]} Qxd4 20. exd5 cxd5 (20... Bxb4 $2 21. dxc6 Nc5 22. cxb7 $1 $18 {[%mdl 512]}) 21. Rb1 Nf6 $1 22. Be3 Qc4 23. Qxc4 bxc4 24. b5 Ne4 25. Nxe4 dxe4 26. Rc1 Bd5 $1 27. b6 f5 (27... h6 $11) 28. Bf1 $1 $16 {[%mdl 1024] White has strong compensation.} Rc8 {[#]} (28... g5 $16) 29. Rd1 $1 $18 Be6 {[#]} (29... Ba8 30. Ra1 (30. Rd7 Kf8 $16) 30... Kf7) 30. Bf4 $1 {Weighted Error Value: White=0.09 (flawless) /Black=0.29 (precise)} 1-0